Loading...

Studies on spontaneous and induced mutations /

Bibliografiske detaljer
Hovedforfatter: Thomas, Susan
Sprog:Undetermined
Fag:
LEADER 00473nam a2200145Ia 4500
001 26815
008 170722s9999 xx 000 0 und d
100 |a Thomas, Susan 
245 |a Studies on spontaneous and induced mutations / 
502 |a Thesis (Ph.D.)-- Botany, University of Kerala 
653 |a Botany 
653 |a Phd Thesis 
942 |c GEN 
999 |c 58363  |d 58363 
952 |0 0  |1 0  |4 0  |6 I_63_K2_RT  |7 0  |8 RT  |9 83309  |a LIB  |b LIB  |d 2017-08-12  |o I:63 K2 (RT)  |p 84496  |r 2017-08-12  |w 2017-08-12  |y GEN